Statistiques concernant les pokemon de la 8g

Cliquez ici pour prendre le quiz!

Statistiques générales

  • Ce quiz a été pris 121 fois
  • Le résultat moyen est 60 sur 81

Statistiques - réponses

HintRéponse% Correct
eaularmeleon
95%
planteouistempo
95%
feuflambino
94%
vol aciercorvaillus
91%
plantegorythmic
90%
feupyrobut
90%
plantebadabouin
89%
eaulezargus
89%
volminisange
89%
eau rochetorgamord
89%
volbleuseille
87%
feulapyro
86%
fee acierzacian
86%
combat acierzamazenta
86%
eauarrozard
84%
normalmoumouton
84%
planteblancoton
82%
feu insectscolocendre
82%
plante dragonverpom
82%
roche feuwagomine
81%
insect psyastronelle
80%
tenebregoupilou
80%
electrik poisonsalarsen
80%
psy feesorcilence
80%
electrikvoltoutou
80%
poison dragonethernatos
78%
tenebre feegrimalin
78%
normalmoumouflon
78%
plantetournicoton
78%
tenebre feeangoliath
77%
tenebre normalixon
77%
insectlarvadar
77%
normalrongourmand
77%
electrik poisontoxizap
77%
acier dragonduralugon
76%
electrikfulgudog
75%
tenebreroublenard
75%
plante dragondratatin
73%
eaukhelocrok
73%
psy glacem.glaquette
73%
roche feumonthracite
73%
insect psycoleodome
72%
dragon spectrefantyrm
72%
tenebre feefourbelin
72%
dragon spectrelanssorien
72%
feu insectgrillepattes
71%
electrik tenebremorpeko
71%
psybibichut
70%
spectrecorayome
70%
eau dragonhydragon
70%
vol eaunigosier
70%
plante dragonpomdrapi
70%
spectretheffroi
70%
spectre soltutetekri
70%
psy normalwimessir
70%
psychapotus
68%
rochecharby
68%
glace insectfrissonille
68%
combatkrakos
68%
combatpoulpaf
67%
soldunaconda
66%
eau glacehydragla
66%
spectrepolthegeist
66%
normalrongrigou
66%
glacebekaglacon
65%
rochedolman
65%
electrik dragongalvagon
65%
combatpalarticho
65%
glace insectbeldeneige
63%
acierberserkatt
63%
feecremy
63%
soldunaja
63%
electrik glacegalvagla
63%
eauembrochet
61%
feecharmilly
59%
electrikwattapik
59%
eauhastacuda
58%
acierpachyradjah
57%
combathexadron
56%
aciercharibari
53%
dragon spectredispareptil
53%

Distribution des résultats

Percentile par nombre de réponses

% des personnes avec chaque résultat

Votre développement - résultats

Vous n’avez pas pris ce quiz